The Country of the Blind and other selected stories (Record no. 565479)

MARC details
000 -LEADER
fixed length control field 00378nam a22001337a 4500
008 - FIXED-LENGTH DATA ELEMENTS--GENERAL INFORMATION
fixed length control field 241021b |||||||| |||| 00| 0 eng d
020 ## - INTERNATIONAL STANDARD BOOK NUMBER
ISBN 9780141441986
082 ## - DEWEY DECIMAL CLASSIFICATION NUMBER
Classification number 823.912
Item number WEL
100 ## - MAIN ENTRY--AUTHOR NAME
Personal name Wells, H.G
245 ## - TITLE STATEMENT
Title The Country of the Blind and other selected stories
Statement of responsibility, etc H.G.Wells
260 ## - PUBLICATION, DISTRIBUTION, ETC. (IMPRINT)
Place of publication London
Name of publisher Penguin Classics
Year of publication 2007
300 ## - PHYSICAL DESCRIPTION
Number of Pages 432p.
Dimensions 19.5cm.
942 ## - ADDED ENTRY ELEMENTS (KOHA)
Koha item type English Books
Holdings
Withdrawn status Lost status Damaged status Not for loan Home library Current library Shelving location Date acquired Full call number Accession Number Price effective from Koha item type
        Anna Centenary Library Anna Centenary Library 4TH FLOOR, B WING 10.12.2010 823.912 WEL 410720 21.10.2024 English Books

Find us on the map